Σχεδιασμός εργαστηρίου για το μάθημα "Σχεδιασμός και ανάλυση μηχανισμών" : διπλωματική εργασία
Η διπλωματική εργασία περιλαμβάνει το σχεδιασμό εργαστηρίου για μάθημα μηχανολογικού ενδιαφέροντος με τη βοήθεια του εμπορικού πακέτου των lego mindstorms που περιλαμβάνει τους μηχανισμούς με τέσσερις ράβδους, με γρανάζια και οδηγητικές καμπύλες....
Αποθηκεύτηκε σε:
| Κύριος συγγραφέας: | |
|---|---|
| Συγγραφή απο Οργανισμό/Αρχή: | |
| Άλλοι συγγραφείς: | |
| Μορφή: | Thesis Βιβλίο |
| Γλώσσα: | Greek |
| Δημοσίευση: |
2013
|
| Θέματα: | |
| Διαθέσιμο Online: | http://hdl.handle.net/11610/9058 |
| Ετικέτες: |
Προσθήκη ετικέτας
Δεν υπάρχουν, Καταχωρήστε ετικέτα πρώτοι!
|
MARC
| LEADER | 00000cam a2200000 i 4500 | ||
|---|---|---|---|
| 001 | 1/29855 | ||
| 008 | 130521s2013 gre d | ||
| 035 | |l 10114455 | ||
| 040 | |a GR-MY-UA |b gre |e aacr | ||
| 041 | 0 | |a gre | |
| 082 | 0 | |a 621.815 |2 (22) | |
| 100 | 1 | |a Πλαστήρας, Χριστόφορος. | |
| 245 | 1 | 0 | |a Σχεδιασμός εργαστηρίου για το μάθημα "Σχεδιασμός και ανάλυση μηχανισμών" : |b διπλωματική εργασία / |c Χριστόφορος Πλαστήρας ; επιβλέπων καθηγητής: Μουλιανίτης Βασίλειος |
| 260 | |c 2013 | ||
| 300 | |a 75 φύλλα; |b εικ.; |c 30 εκ. | ||
| 500 | |a Διάθεση πλήρους κειμένου ελεύθερης πρόσβασης | ||
| 502 | |a Πτυχιακή εργασία – Πανεπιστήμιο Αιγαίου, Σύρος, 2013. | ||
| 504 | |a Βιβλιογραφία: σ. 50-51 | ||
| 520 | |a Η διπλωματική εργασία περιλαμβάνει το σχεδιασμό εργαστηρίου για μάθημα μηχανολογικού ενδιαφέροντος με τη βοήθεια του εμπορικού πακέτου των lego mindstorms που περιλαμβάνει τους μηχανισμούς με τέσσερις ράβδους, με γρανάζια και οδηγητικές καμπύλες. | ||
| 650 | 0 | 0 | |a Machine design |x Computer-aided design. |
| 650 | 0 | 0 | |a Dissertations, Academic |z Greece. |
| 700 | 1 | |a Μουλιανίτης, Βασίλης Ε. |4 ths | |
| 710 | 2 | |a Πανεπιστήμιο Αιγαίου. |b Τμήμα Μηχανικών Σχεδίασης Προϊόντων και Συστημάτων. | |
| 852 | |a INST |b SYROS |c DIATR |e 20130521 |h 621.815 ΠΛΑ |p 005500010719 |q 005500010719 |t DIE |y 23 | ||
| 852 | |a INST |b SYROS |c DIATR |e 20130521 |h 621.815 ΠΛΑ |p 005500010720 |q 005500010720 |t DIE |y 23 | ||
| 856 | |u http://hdl.handle.net/11610/9058 | ||
| 901 | |a BIBL5-2012-1 | ||
| 909 | |a Ε |b 174218 | ||
| 909 | |a Ε |b 174219 | ||
| 924 | |a ΠΛΑΣΤΗΡΑΣ |b ΧΡΙΣΤΟΦΟΡΟΣ |y ΣΥΡΟΣ |z 2013-03 | ||
| 970 | |a ΚΟΝΤΟΥ |b ΠΑΡΑΣΚΕΥΗ |z 2013/05/21 | ||